Strength of Materials (Mechanics of Solids) (In SI Units) (Record no. 12940)
[ view plain ]
| 000 -LEADER | |
|---|---|
| fixed length control field | 00412cam a2200157ua 4500 |
| 003 - CONTROL NUMBER IDENTIFIER | |
| control field | OSt |
| 008 - FIXED-LENGTH DATA ELEMENTS--GENERAL INFORMATION | |
| fixed length control field | 250512b |||||||| |||| 00| 0 eng d |
| 082 ## - DEWEY DECIMAL CLASSIFICATION NUMBER | |
| Classification number | 624.17 |
| Item number | KHU/ST |
| 100 ## - MAIN ENTRY--AUTHOR NAME | |
| Personal name | Khurmi R. S. |
| 100 ## - MAIN ENTRY--AUTHOR NAME | |
| Personal name | Khurmi N. |
| 245 ## - TITLE STATEMENT | |
| Title | Strength of Materials (Mechanics of Solids) (In SI Units) |
| 250 ## - EDITION STATEMENT | |
| Edition statement | 12 / 24 |
| 260 ## - PUBLICATION, DISTRIBUTION, ETC. (IMPRINT) | |
| Place of publication | New Delhi : |
| Name of publisher | S.Chand and Co , |
| Year of publication | 2006,2014 |
| 300 ## - PHYSICAL DESCRIPTION | |
| Number of Pages | 924 |
| 942 ## - ADDED ENTRY ELEMENTS (KOHA) | |
| Koha item type | Books |
| Withdrawn status | Lost status | Damaged status | Home library | Current library | Date acquired | Full call number | Accession Number | Koha item type | Collection code | Shelving location | Source of acquisition | Cost, normal purchase price |
|---|---|---|---|---|---|---|---|---|---|---|---|---|
| KAUAET | KAUAET | 07/04/2012 | 624.17 KHU/ST | 21303 | Books | |||||||
| KAUAET | KAUAET | 26/08/2016 | 624.17 KHU/ST | BB 301 | Book Bank scheme for SC students | Scheme | Penta Books Distributors, Calicut. | 750.00 | ||||
| KAUAET | KAUAET | 26/08/2016 | 624.17 KHU/ST | BB 302 | Book Bank scheme for SC students | Scheme | Penta Books Distributors, Calicut. | 750.00 | ||||
| KAUAET | KAUAET | 11/07/2022 | 624.17 KHU/ST | BB 649 | Book Bank scheme for SC students | Scheme | TBS PUBLISHERS AND DISTRIBUTERS | 750.00 |
